1697 1006 1903 1991 1598 1749 1179 1431 1740 1239 1311 1654 1743 1492 1000 1543 1000 1924 1893 1557 1099 1011 1921 1542 1805 1275 1048 1950 1615 1431 1193 1313 1524 1096 1150 1909 1960 1528 1361 1540 1852 1281 1744 1692 1672 1974 1096 1058 1523 1037 1809 1923 1865 1648 1520 1391 1001 1272 1904 1104 1086 1440 1365 1803 1654 1561 1786 1230 1934 1877 1064 1827 1941 1813 1062 1419 1996 1330 1359 1249 1974 1475 1295 1410 1583 1683 1555 1715 1608 1340 1445 1818 1620 1802 1281 1992 1862 1014 1171 BCNSPRNW ULIB Ver.6.0+V

เปลี่ยนเป็นภาษาไทย

Change to English
 แสดงรายละเอียดบรรณานุกรม
  กลับหน้าหลัก

Brief Record : Get Marc (ISO 2709) : E-mail record : QR code < ปิดหน้าต่าง
LEADER : 00000nam 2200000uu 4500
001    13399123151
003     ULIB
008    140403s2555||||th 000 0 tha d
020    9743155937
024    9789743155932
060  4 WB541^bห338ฝ
100 0  หลี่ หงจื้อ
245 00 ฝ่าหลุนฝอฝ่า วิธีสู่ความสำเร็จสมบูรณ์^cหลี่ หงจื้อ
260    กรุงเทพฯ:^bประสุขชัยการพิมพ์,^c2555
300    83 หน้า:^bภาพประกอบ,^c27 cm
650  7 กายบริหาร
650  7 การเคลื่อนไหวร่างกาย
650  0 พลังกง
945    ^p70^l0^i034413
999    ^aเกษร โพธิ์สุวรรณ
รายการนี้ยังไม่มีแท็ก
คุณยังไม่ได้ล็อกอิน คุณสามารถมีกิจกรรมร่วมกับเว็บไซต์ได้ แต่ต้องล็อกอินก่อน ::
  ล็อกอิน

รายการสื่อสารสนเทศ

ลำดับที่ ประเภท เลขเรียก/บาร์โค้ด สถานที่ สถานะ
1. การศึกษาทั่วไป
หนังสือสำรอง
สถานะ=หนังสือสำรอง
WB541 ห338ฝ ฉ.1 
  Barcode: 034413
ห้องสมุดวิทยาเขตสวรรค์ประชารักษ์
►ส่วนจัดเก็บหนังสือเก่า สปร
บนชั้น
  ขอยืม

รายการใกล้เคียง
    หัวเรื่อง [กายบริหาร]

BibComment


ยังไม่เคยถูกคอมเมนท์

คอมเมนท์ทรัพยากรรายการนี้
  คอมเมนท์: ฝ่าหลุนฝอฝ่า วิธี..


 Copyright 2026. Bcnsprnw @Library